Chronological Order of the DCEU! - Statistics

General Stats
  • This quiz has been taken 69 times
  • The average score is 19 of 30
Answer Stats
Group Year Answer Company % Correct
Streaming Series TBD Untitled Batman Series Warner Bros. (HBO Max)
100%
Movie 2016 Batman V. Superman: Dawn of Justice Warner Bros.
98%
Movie 2013 Man of Steel Warner Bros.
98%
Movie 2017 Wonder Woman Warner Bros.
98%
Movie 2018 Aquaman Warner Bros.
96%
Movie 2017 Justice League Warner Bros.
96%
Movie Cut 2021 Zack Snyder's Justice League Warner Bros. (HBO Max)
96%
Streaming Special Edition Movie 2021 Zack Snyder's Justice League in Grey HBO Max (Warner Bros.)
96%
Movie 2016 Suicide Squad Warner Bros.
94%
Movie Remake 2021 The Suicide Squad Warner Bros.
94%
Movie 2019 Shazam Warner Bros.
89%
Movie 2022 The Flash Warner Bros.
89%
Movie 2020 Wonder Woman 1984 Warner Bros. (HBO Max)
89%
Movie 2020 Birds of Prey and the Fantabulous Emancipation of One Harley Quinn Warner Bros.
81%
Movie 2023 Shazam: Fury of the Gods Warner Bros.
79%
Movie 2023 Black Adam Warner Bros.
77%
Movie 2022 Aquaman II Warner Bros.
74%
Streaming Series 2022- Peacemaker Warner Bros. (HBO Max)
51%
Movie TBD The Joker V.S. Harley Quinn Warner Bros.
49%
Movie TBD Wonder Woman III Warner Bros.
43%
Movie TBD Batgirl Warner Bros.
40%
Movie TBD Untitled Green Lantern Film Warner Bros.
36%
Movie TBD Justice League Part 2 Warner Bros.
28%
Movie TBD Man of Steel II Warner Bros.
28%
Movie TBD Nightwing Warner Bros.
26%
Movie TBD Justice League Part 3 Warner Bros.
21%
Movie TBD Supergirl Warner Bros.
17%
Movie TBD Gotham City Sirens Warner Bros.
13%
Movie TBD The Amazons Warner Bros.
4%
Movie TBD Deadshot Warner Bros.
0%
No matching quizzes found
Score Distribution
Percent of People with Each Score
Percentile by Number Answered
Your Score History
You have not taken this quiz